| 000 | 00759pam a2200229 a 4500 | ||
|---|---|---|---|
| 001 | 2597175 | ||
| 005 | 20251105125549.0 | ||
| 008 | 970408s1998 njua 001 0 eng | ||
| 020 | _a0134725727 | ||
| 020 | _a9780134725727 | ||
| 050 | 0 | 0 |
_aT359 _b.B47 1998 |
| 082 | 0 | 0 |
_a604.2 _221 |
| 100 | 1 | _aBesterfield, Dale H. | |
| 245 | 1 | 0 |
_aTechnical sketching with an introduction to CAD : _bfor engineers, technologists, and technicians / _cDale H. Besterfield, Robert E. OʼHagan. |
| 250 | _a3rd ed. | ||
| 260 |
_aUpper Saddle River, N.J. : _bMerrill Prentice Hall, _cc1998. |
||
| 300 |
_aix, 367 p. : _bill. ; _c28 cm. |
||
| 500 | _aIncludes index. | ||
| 650 | 0 | _aFreehand technical sketching. | |
| 700 | 1 | _aOʼHagan, Robert E. | |
| 942 |
_2lcc _cBK _e3rd ed. _n0 |
||
| 999 |
_c8060 _d8060 |
||